[Event "18th IND-chT Women 2020"]
[Site "Ahmedabad"]
[Date "2020.02.10"]
[Round "2.5"]
[White "Kulkarni Bhakti"]
[Black "Divyabharathi Masanam"]
[Result "1-0"]
[WhiteElo "2404"]
[BlackElo "1747"]
[Annotator "RC"]
[PlyCount "75"]
[EventDate "2020.02.05"]
[EventCountry "IND"]
[SourceTitle "playchess.com"]
[Source "ChessBase"]
[SourceQuality "1"]
[TimeControl "5400+30"]

1. d4 {[%emt 0:00:00]} d5 {[%emt 0:00:00]} 2. c4 {[%emt 0:00:30]} e5 {[%emt 0:00:30]} 3. dxe5 {[%emt 0:00:30]} d4 {[%emt 0:00:30]} 4. Nf3 {[%emt 0:00:30]} Nc6 {[%emt 0:00:30]} 5. a3 {[%emt 0:00:30]} Be6 {[%emt 0:00:30]} 6. e3 {[%emt 0:00:30]} dxe3 {[%emt 0:00:30]} 7. Qxd8+ {[%emt 0:00:30]} Rxd8 {[%emt 0:00:30]} 8. Bxe3 {[%emt 0:00:30]} Nge7 {[%emt 0:00:30]} 9. Nc3 {[%emt 0:00:30]} a6 {[%emt 0:00:30]} 10. Ng5 {[%emt 0:00:30]} Nf5 {[%emt 0:00:30]} 11. Nxe6 {[%emt 0:00:30]} fxe6 {[%emt 0:00:30]} 12. Bf4 {[%emt 0:00:30]} Rd4 {[%emt 0:00:30]} 13. g3 {[%emt 0:00:30]} Be7 {[%emt 0:00:30]} 14. Be2 {[%emt 0:00:30]} O-O {[%emt 0:00:30]} 15. O-O {[%emt 0:00:30]} g5 {[%emt 0:00:30]} 16. Be3 {[%emt 0:00:30]} Rdd8 {[%emt 0:00:30]} 17. Bc1 {[%emt 0:00:30]} Nxe5 {[%emt 0:00:30]} 18. f4 {[%emt 0:00:30]} Nd3 {[%emt 0:00:30]} 19. Bxd3 {[%emt 0:00:30]} Rxd3 {[%emt 0:00:30]} 20. fxg5 {[%emt 0:00:30]} Rd4 {[%emt 0:00:30]} 21. Re1 {[%emt 0:00:30]} Kf7 {[%emt 0:00:30]} 22. Bf4 {[%emt 0:00:30]} Rxc4 {[%emt 0:00:30]} 23. Rad1 {[%emt 0:00:30]} Bd6 {[%emt 0:00:30]} 24. Re4 {[%emt 0:00:30]} Rxe4 {[%emt 0:00:30]} 25. Nxe4 {[%emt 0:00:30]} e5 {[%emt 0:00:30]} 26. Bd2 {[%emt 0:00:30]} Ke6 {[%emt 0:00:30]} 27. Bc3 {[%emt 0:00:30]} b6 {[%emt 0:00:30]} 28. Re1 {[%emt 0:00:30]} Rf7 {[%emt 0:00:30]} 29. Kg2 {[%emt 0:00:30]} Ne7 {[%emt 0:00:30]} 30. g6 {[%emt 0:00:30]} Rf8 {[%emt 0:00:30]} 31. Ng5+ {[%emt 0:00:30]} Kd5 {[%emt 0:00:30]} 32. gxh7 {[%emt 0:00:30]} Ng6 {[%emt 0:00:30]} 33. Rd1+ {[%emt 0:00:30]} Kc6 {[%emt 0:00:30]} 34. h4 {[%emt 0:00:30]} Rh8 {[%emt 0:00:30]} 35. Rf1 {[%emt 0:00:30]} Kd7 {[%emt 0:00:30]} 36. Rf7+ {[%emt 0:00:30]} Ke8 {[%emt 0:00:30]} 37. Rg7 {[%emt 0:00:30]} Nf8 {[%emt 0:00:30]} 38. Rg8 {[%emt 0:00:30]} 1-0

[Event "18th IND-chT Women 2020"]
[Site "Ahmedabad"]
[Date "2020.02.10"]
[Round "2.6"]
[White "Bala Kannamma P"]
[Black "Tania, Sachdev"]
[Result "1/2-1/2"]
[WhiteElo "2095"]
[BlackElo "2397"]
[Annotator "RC"]
[PlyCount "66"]
[EventDate "2020.02.05"]
[EventCountry "IND"]
[SourceTitle "playchess.com"]
[Source "ChessBase"]
[SourceQuality "1"]
[TimeControl "5400+30"]

1. Nf3 Nf6 2. g3 b6 3. Bg2 Bb7 4. d3 g6 5. e4 d6 6. O-O Bg7 7. Nbd2 c5 8. Re1 O-O 9. c3 Nc6 10. Nf1 b5 11. d4 cxd4 12. Nxd4 Nxd4 13. cxd4 Nd7 14. b3 a5 15. Rb1 Qb6 16. Bb2 a4 17. e5 Bxg2 18. Kxg2 axb3 19. axb3 Qb7+ 20. Kg1 dxe5 21. dxe5 Rfd8 22. Qc1 Ra2 23. e6 fxe6 24. Bxg7 Kxg7 25. Rxe6 Nf6 26. Qc5 Kf7 27. Rbe1 Rd7 28. h3 Rc7 29. Qe3 Ra6 30. Rxa6 Qxa6 31. Nd2 Kg7 32. Ne4 Nxe4 33. Qxe4 Qf6 1/2-1/2

[Event "18th IND-chT Women 2020"]
[Site "Ahmedabad"]
[Date "2020.02.10"]
[Round "2.7"]
[White "Vijayalakshmi, Subbaraman"]
[Black "Senthamizh Yazhini S"]
[Result "1-0"]
[WhiteElo "2331"]
[BlackElo "1615"]
[Annotator "RC"]
[PlyCount "69"]
[EventDate "2020.02.05"]
[EventCountry "IND"]
[SourceTitle "playchess.com"]
[Source "ChessBase"]
[SourceQuality "1"]
[TimeControl "5400+30"]

1. Nf3 {[%emt 0:00:00]} Nf6 {[%emt 0:00:00]} 2. d4 {[%emt 0:00:30]} e6 {[%emt 0:00:30]} 3. Bf4 {[%emt 0:00:30]} d5 {[%emt 0:00:30]} 4. e3 {[%emt 0:00:30]} Bd6 {[%emt 0:00:30]} 5. Bg3 {[%emt 0:00:30]} O-O {[%emt 0:00:30]} 6. Bd3 {[%emt 0:00:30]} c5 {[%emt 0:00:30]} 7. dxc5 {[%emt 0:00:30]} Bxc5 {[%emt 0:00:30]} 8. Nbd2 {[%emt 0:00:30]} Nc6 {[%emt 0:00:30]} 9. O-O {[%emt 0:00:30]} b6 {[%emt 0:00:30]} 10. c3 {[%emt 0:00:30]} Re8 {[%emt 0:00:30]} 11. e4 {[%emt 0:00:30]} dxe4 {[%emt 0:00:30]} 12. Nxe4 {[%emt 0:00:30]} Nxe4 {[%emt 0:00:30]} 13. Bxe4 {[%emt 0:00:30]} Bb7 {[%emt 0:00:30]} 14. Qa4 {[%emt 0:00:30]} Na5 {[%emt 0:00:30]} 15. Rad1 {[%emt 0:00:30]} Qc8 {[%emt 0:00:30]} 16. Bxh7+ {[%emt 0:00:30]} Kxh7 {[%emt 0:00:30]} 17. Qh4+ {[%emt 0:00:30]} Kg8 {[%emt 0:00:30]} 18. Ng5 {[%emt 0:00:30]} Qc6 {[%emt 0:00:30]} 19. Qh7+ {[%emt 0:00:30]} Kf8 {[%emt 0:00:30]} 20. Nf3 {[%emt 0:00:30]} f6 {[%emt 0:00:30]} 21. b4 {[%emt 0:00:30]} Nc4 {[%emt 0:00:30]} 22. bxc5 {[%emt 0:00:30]} bxc5 {[%emt 0:00:30]} 23. Qh4 {[%emt 0:00:30]} Ba6 {[%emt 0:00:30]} 24. Qh7 {[%emt 0:00:30]} e5 {[%emt 0:00:30]} 25. Rfe1 {[%emt 0:00:30]} Nb2 {[%emt 0:00:30]} 26. Nh4 {[%emt 0:00:30]} Nxd1 {[%emt 0:00:30]} 27. Rxd1 {[%emt 0:00:30]} Bb7 {[%emt 0:00:30]} 28. f3 {[%emt 0:00:30]} Bc8 {[%emt 0:00:30]} 29. Ng6+ {[%emt 0:00:30]} Kf7 {[%emt 0:00:30]} 30. Qh5 {[%emt 0:00:30]} Ke6 {[%emt 0:00:30]} 31. Nxe5 {[%emt 0:00:30]} fxe5 {[%emt 0:00:30]} 32. Qg6+ {[%emt 0:00:30]} Ke7 {[%emt 0:00:30]} 33. Qxg7+ {[%emt 0:00:30]} Ke6 {[%emt 0:00:30]} 34. Bh4 {[%emt 0:00:30]} Kf5 {[%emt 0:00:30]} 35. Qg4# {[%emt 0:00:30]} 1-0

[Event "18th IND-chT Women 2020"]
[Site "Ahmedabad"]
[Date "2020.02.10"]
[Round "2.8"]
[White "Harshini B"]
[Black "Ramaswamy, Aarthie"]
[Result "0-1"]
[WhiteElo "1603"]
[BlackElo "2072"]
[Annotator "NA RC"]
[PlyCount "106"]
[EventDate "2020.02.05"]
[EventCountry "IND"]
[SourceTitle "playchess.com"]
[Source "ChessBase"]
[SourceQuality "1"]
[TimeControl "5400+30"]

1. d4 {[%emt 0:00:00]} Nf6 {[%emt 0:00:00]} 2. c4 {[%emt 0:00:30]} e6 {[%emt 0:00:30]} 3. g3 {[%emt 0:00:30]} Bb4+ {[%emt 0:00:30]} 4. Bd2 {[%emt 0:00:30]} a5 {[%emt 0:00:30]} 5. Bg2 {[%emt 0:00:30]} d5 {[%emt 0:00:30]} 6. Nf3 {[%emt 0:00:30]} O-O {[%emt 0:00:30]} 7. O-O {[%emt 0:00:30]} c6 {[%emt 0:00:30]} 8. Qc2 {[%emt 0:00:30]} Nbd7 {[%emt 0:00:30]} 9. b3 {[%emt 0:00:30]} Re8 {[%emt 0:00:30]} 10. Bc3 {[%emt 0:00:30]} Ne4 {[%emt 0:00:30]} 11. Bb2 {[%emt 0:00:30]} Bf8 {[%emt 0:00:30]} 12. Nbd2 {[%emt 0:00:30]} f5 {[%emt 0:00:30]} 13. Rfd1 {[%emt 0:00:30]} Qf6 {[%emt 0:00:30]} 14. Ne5 {[%emt 0:00:30]} Nxe5 {[%emt 0:00:30]} 15. dxe5 {[%emt 0:00:30]} Qh6 {[%emt 0:00:30]} 16. Bc1 {[%emt 0:00:30]} Nxf2 {[%emt 0:00:30]} 17. Nf3 {[%emt 0:00:30]} Nh3+ {[%emt 0:00:30]} 18. Kf1 {[%emt 0:00:30]} Qh5 {[%emt 0:00:30]} 19. Be3 {[%emt 0:00:30]} h6 {[%emt 0:00:30]} 20. Qd2 {[%emt 0:00:30]} Be7 {[%emt 0:00:30]} 21. Bxh3 {[%emt 0:00:30]} Qxh3+ {[%emt 0:00:30]} 22. Kg1 {[%emt 0:00:30]} Qg4 {[%emt 0:00:30]} 23. Qd4 {[%emt 0:00:30]} Qxd4 {[%emt 0:00:30]} 24. Nxd4 {[%emt 0:00:30]} Bd7 {[%emt 0:00:30]} 25. cxd5 {[%emt 0:00:30]} cxd5 {[%emt 0:00:30]} 26. Rac1 {[%emt 0:00:30]} Rec8 {[%emt 0:00:30]} 27. Rxc8+ {[%emt 0:00:30]} Rxc8 {[%emt 0:00:30]} 28. Rc1 {[%emt 0:00:30]} Rxc1+ {[%emt 0:00:30]} 29. Bxc1 {[%emt 0:00:30]} Kf7 {[%emt 0:00:30]} 30. Kf2 {[%emt 0:00:30]} Bd8 {[%emt 0:00:30]} 31. Bb2 {[%emt 0:00:30]} Bc7 {[%emt 0:00:30]} 32. Nf3 {[%emt 0:00:30]} g5 {[%emt 0:00:30]} 33. h3 {[%emt 0:00:30]} Kg6 {[%emt 0:00:30]} 34. Bc3 {[%emt 0:00:30]} Bb6+ {[%emt 0:00:30]} 35. Kg2 {[%emt 0:00:30]} a4 {[%emt 0:00:30]} 36. Bd4 {[%emt 0:00:30]} Bc7 {[%emt 0:00:30]} 37. b4 {[%emt 0:00:30]} Bb5 {[%emt 0:00:30]} 38. Kf2 {[%emt 0:00:30]} g4 {[%emt 0:00:30]} 39. hxg4 {[%emt 0:00:30]} fxg4 {[%emt 0:00:30]} 40. Nh4+ {[%emt 0:00:30]} Kf7 {[%emt 0:00:30]} 41. Ke3 {[%emt 0:00:30]} Bd8 {[%emt 0:00:30]} 42. Kf2 {[%emt 0:00:30]} a3 {[%emt 0:00:30]} 43. Bc3 {[%emt 0:00:30]} Bc4 {[%emt 0:00:30]} 44. Bd2 {[%emt 0:00:30]} Bb6+ {[%emt 0:00:30]} 45. e3 {[%emt 0:00:30]} d4 {[%emt 0:00:30]} 46. Ng2 {[%emt 0:00:30]} Bxa2 {[%emt 0:00:30]} 47. Bc1 {[%emt 0:00:30]} Bd5 {[%emt 0:00:30]} 48. Bxa3 {[%emt 0:00:30]} Bxg2 {[%emt 0:00:30]} 49. Kxg2 {[%emt 0:00:30]} dxe3 {[%emt 0:00:30]} 50. Kf1 {[%emt 0:00:30]} Kg6 {[%emt 0:00:30]} 51. b5 {[%emt 0:00:30]} Kf5 {[%emt 0:00:30]} 52. Bd6 {[%emt 0:00:30]} Ke4 {[%emt 0:00:30]} 53. Ke2 {[%emt 0:00:30]} Bd4 {[%emt 0:00:30]} 0-1

[Event "18th IND-chT Women 2020"]
[Site "Ahmedabad"]
[Date "2020.02.10"]
[Round "2.9"]
[White "Anupam M Sreekumar"]
[Black "Michelle Catherina, P."]
[Result "1/2-1/2"]
[WhiteElo "1745"]
[BlackElo "2175"]
[Annotator "RC"]
[PlyCount "64"]
[EventDate "2020.02.05"]
[EventCountry "IND"]
[SourceTitle "playchess.com"]
[Source "ChessBase"]
[SourceQuality "1"]
[TimeControl "5400+30"]

1. Nf3 d5 2. g3 g6 3. Bg2 Bg7 4. O-O e5 5. d3 Ne7 6. e4 O-O 7. Nc3 dxe4 8. dxe4 Be6 9. Qxd8 Rxd8 10. Be3 Nbc6 11. Rfd1 h6 12. Nb5 Rdc8 13. Nd2 a6 14. Na3 Rd8 15. Nb3 b6 16. Bf1 Nd4 17. c3 Nxb3 18. axb3 Bxb3 19. Rxd8+ Rxd8 20. Bxa6 f5 21. f3 Kf7 22. Kf2 Ke6 23. Bc4+ Bxc4 24. Nxc4 Nc6 25. Ke2 Bf6 26. Ra6 h5 27. Na3 Rd7 28. Nb5 Na5 29. Ra7 Bd8 30. Na3 Be7 31. Nb5 Bd8 32. Na3 Be7 1/2-1/2

[Event "18th IND-chT Women 2020"]
[Site "Ahmedabad"]
[Date "2020.02.10"]
[Round "2.10"]
[White "Varshini, V."]
[Black "Anjitha Krishnakumar"]
[Result "1-0"]
[WhiteElo "2242"]
[BlackElo "1444"]
[Annotator "RC"]
[PlyCount "57"]
[EventDate "2020.02.05"]
[EventCountry "IND"]
[SourceTitle "playchess.com"]
[Source "ChessBase"]
[SourceQuality "1"]
[TimeControl "5400+30"]

1. e4 {[%emt 0:00:00]} c5 {[%emt 0:00:00]} 2. Nc3 {[%emt 0:00:30]} d6 {[%emt 0:00:30]} 3. Nge2 {[%emt 0:00:30]} Nf6 {[%emt 0:00:30]} 4. d4 {[%emt 0:00:30]} cxd4 {[%emt 0:00:30]} 5. Nxd4 {[%emt 0:00:30]} e6 {[%emt 0:00:30]} 6. Be2 {[%emt 0:00:30]} Be7 {[%emt 0:00:30]} 7. O-O {[%emt 0:00:30]} a6 {[%emt 0:00:30]} 8. a4 {[%emt 0:00:30]} b6 {[%emt 0:00:30]} 9. f4 {[%emt 0:00:30]} Bb7 {[%emt 0:00:30]} 10. Bf3 {[%emt 0:00:30]} Qc7 {[%emt 0:00:30]} 11. e5 {[%emt 0:00:30]} dxe5 {[%emt 0:00:30]} 12. fxe5 {[%emt 0:00:30]} Nfd7 {[%emt 0:00:30]} 13. Bf4 {[%emt 0:00:30]} Nc6 {[%emt 0:00:30]} 14. Nxc6 {[%emt 0:00:30]} Bxc6 {[%emt 0:00:30]} 15. Bxc6 {[%emt 0:00:30]} Qxc6 {[%emt 0:00:30]} 16. Qg4 {[%emt 0:00:30]} O-O-O {[%emt 0:00:30]} 17. Qe2 {[%emt 0:00:30]} Kb7 {[%emt 0:00:30]} 18. Bg3 {[%emt 0:00:30]} f5 {[%emt 0:00:30]} 19. exf6 {[%emt 0:00:30]} gxf6 {[%emt 0:00:30]} 20. Rad1 {[%emt 0:00:30]} e5 {[%emt 0:00:30]} 21. Nd5 {[%emt 0:00:30]} Bc5+ {[%emt 0:00:30]} 22. Kh1 {[%emt 0:00:30]} Bd4 {[%emt 0:00:30]} 23. Nb4 {[%emt 0:00:30]} Qxa4 {[%emt 0:00:30]} 24. Qe4+ {[%emt 0:00:30]} Kc8 {[%emt 0:00:30]} 25. Rxd4 {[%emt 0:00:30]} exd4 {[%emt 0:00:30]} 26. Qa8+ {[%emt 0:00:30]} Nb8 {[%emt 0:00:30]} 27. Qxb8+ {[%emt 0:00:30]} Kd7 {[%emt 0:00:30]} 28. Qd6+ {[%emt 0:00:30]} Ke8 {[%emt 0:00:30]} 29. Qe6+ {[%emt 0:00:30]} 1-0

[Event "18th IND-chT Women 2020"]
[Site "Ahmedabad"]
[Date "2020.02.10"]
[Round "2.11"]
[White "Sheena, E.."]
[Black "Vaishali R"]
[Result "0-1"]
[WhiteElo "1731"]
[BlackElo "2382"]
[Annotator "TA"]
[PlyCount "62"]
[EventDate "2020.02.05"]
[EventCountry "IND"]
[SourceTitle "playchess.com"]
[Source "ChessBase"]
[SourceQuality "1"]

{[%evp 18,66,1,-48,-52,-52,-64,-51,-55,-86,-95,-86,-86,-98,-89,-89,-89,-106,-107,-108,-99,-169,-125,-125,-131,-133,-135,-141,-140,-118,-51,-236,-235,-231,-228,-714,-689,-883,-907,-901,-898,-924,-900,-888,-838,-876,-848,-1045,-1049,-1041,-1034]} 1. e4 c5 2. Nf3 Nc6 3. g3 g6 4. Bg2 Bg7 5. d3 d6 6. Nbd2 e5 7. O-O Nge7 8. c3 O-O 9. Nc4 h6 10. Bd2 Be6 {A04: Unusual lines after 1 Nf3 and King's Indian Attack.} 11. Ne3 {[#]} d5 $146 ({Predecessor:} 11... Qd7 12. Ne1 d5 13. exd5 Nxd5 14. Nxd5 Bxd5 15. f4 Bxg2 16. Kxg2 f5 17. Be3 Kh7 18. Kg1 {½-½ (40) Lang,H-Corry,A Debrecen 1992}) 12. Re1 d4 {Black is slightly better.} 13. Nf1 dxc3 14. Bxc3 Qd7 15. Qc2 Nd4 16. Nxd4 cxd4 17. Bb4 a5 18. Bxe7 Qxe7 19. Rac1 (19. Nd2 $17) 19... Rfc8 20. Qd2 Rxc1 21. Rxc1 Bxa2 22. Ra1 Qe6 23. f4 {[#]} a4 (23... Bb3 $1 $17 24. Rxa5 Rxa5 25. Qxa5 Bc2 26. fxe5 Bxd3 27. Qd8+ Kh7 28. Qxd4 Ba6) 24. fxe5 $2 (24. f5 $1 $15 Qb3 25. Bf3 gxf5 26. exf5) 24... Bb3 $19 ({Resist} 24... Bxe5 25. Qxh6 Bg7 26. Qd2 $17) 25. Qb4 b6 ({Don't play} 25... Bxe5 26. Nd2 $17) 26. Nd2 $2 {[#]} (26. Rc1) 26... Bf8 $1 {[%cal Rf8b4] Black is clearly winning.} 27. Bh3 Bxb4 28. Bxe6 Bxe6 29. Nf3 a3 30. bxa3 Rxa3 31. Rd1 Bc5 {Played: Ra3-c3} 0-1

[Event "18th IND-chT Women 2020"]
[Site "Ahmedabad"]
[Date "2020.02.10"]
[Round "2.12"]
[White "Mahalakshmi, M."]
[Black "Prajeesha K"]
[Result "1-0"]
[WhiteElo "2255"]
[BlackElo "1417"]
[Annotator "RC"]
[PlyCount "73"]
[EventDate "2020.02.05"]
[EventCountry "IND"]
[SourceTitle "playchess.com"]
[Source "ChessBase"]
[SourceQuality "1"]
[TimeControl "5400+30"]

1. d4 Nf6 2. c4 e5 3. dxe5 Ng4 4. Bf4 Nc6 5. Nf3 Bb4+ 6. Nc3 Qe7 7. Qd5 Bxc3+ 8. bxc3 Qa3 9. Rc1 Qxa2 10. h3 Nh6 11. Nd4 Ne7 12. Qc5 c6 13. e4 b6 14. Qd6 Ba6 15. Bg5 Nhg8 16. Rd1 Qa5 17. Nb5 Rd8 18. Nc7+ Kf8 19. Nxa6 Qxa6 20. Be2 Qa5 21. O-O f6 22. Bxf6 Qc5 23. Qxc5 bxc5 24. Bg5 Kf7 25. Bg4 h6 26. Be3 h5 27. Bxd7 Nh6 28. Bxc5 a6 29. e6+ Kf8 30. Bxc6 Rc8 31. Rd7 Nhg8 32. Rfd1 g5 33. Rd8+ Kg7 34. Rxc8 Nxc8 35. Rd7+ Kg6 36. Rd8 Nge7 37. Rxh8 1-0

[Event "18th IND-chT Women 2020"]
[Site "Ahmedabad"]
[Date "2020.02.10"]
[Round "3.1"]
[White "Gomes, Mary Ann"]
[Black "Priyanka Nutakki"]
[Result "1/2-1/2"]
[WhiteElo "2344"]
[BlackElo "2212"]
[Annotator "RC"]
[PlyCount "86"]
[EventDate "2020.02.05"]
[EventCountry "IND"]
[SourceTitle "playchess.com"]
[Source "ChessBase"]
[SourceQuality "1"]
[TimeControl "5400+30"]

1. Nf3 {[%emt 0:00:00]} d5 {[%emt 0:00:00]} 2. g3 {[%emt 0:00:30]} Nf6 {[%emt 0:00:30]} 3. Bg2 {[%emt 0:00:30]} e6 {[%emt 0:00:30]} 4. c4 {[%emt 0:00:30]} Be7 {[%emt 0:00:30]} 5. O-O {[%emt 0:00:30]} O-O {[%emt 0:00:30]} 6. d4 {[%emt 0:00:30]} dxc4 {[%emt 0:00:30]} 7. Qc2 {[%emt 0:00:30]} a6 {[%emt 0:00:30]} 8. a4 {[%emt 0:00:30]} Bd7 {[%emt 0:00:30]} 9. Bg5 {[%emt 0:00:30]} Bc6 {[%emt 0:00:30]} 10. Rd1 {[%emt 0:00:30]} Be4 {[%emt 0:00:30]} 11. Qc1 {[%emt 0:00:30]} Nc6 {[%emt 0:00:30]} 12. Nbd2 {[%emt 0:00:30]} Bxf3 {[%emt 0:00:30]} 13. Nxf3 {[%emt 0:00:30]} Na5 {[%emt 0:00:30]} 14. Bxf6 {[%emt 0:00:30]} Bxf6 {[%emt 0:00:30]} 15. Ra2 {[%emt 0:00:30]} c6 {[%emt 0:00:30]} 16. e4 {[%emt 0:00:30]} b5 {[%emt 0:00:30]} 17. Qc3 {[%emt 0:00:30]} Nb3 {[%emt 0:00:30]} 18. e5 {[%emt 0:00:30]} Be7 {[%emt 0:00:30]} 19. Ne1 {[%emt 0:00:30]} Qb6 {[%emt 0:00:30]} 20. Nc2 {[%emt 0:00:30]} Rad8 {[%emt 0:00:30]} 21. a5 {[%emt 0:00:30]} Qc7 {[%emt 0:00:30]} 22. Na1 {[%emt 0:00:30]} Nc5 {[%emt 0:00:30]} 23. Nc2 {[%emt 0:00:30]} Nd3 {[%emt 0:00:30]} 24. b3 {[%emt 0:00:30]} cxb3 {[%emt 0:00:30]} 25. Qxb3 {[%emt 0:00:30]} Nxe5 {[%emt 0:00:30]} 26. Ne3 {[%emt 0:00:30]} Nd7 {[%emt 0:00:30]} 27. Rad2 {[%emt 0:00:30]} Nb8 {[%emt 0:00:30]} 28. Qc3 {[%emt 0:00:30]} Rc8 {[%emt 0:00:30]} 29. Rc2 {[%emt 0:00:30]} Rfd8 {[%emt 0:00:30]} 30. d5 {[%emt 0:00:30]} c5 {[%emt 0:00:30]} 31. Bh3 {[%emt 0:00:30]} Bf6 {[%emt 0:00:30]} 32. Qe1 {[%emt 0:00:30]} Qe5 {[%emt 0:00:30]} 33. Re2 {[%emt 0:00:30]} Qh5 {[%emt 0:00:30]} 34. Bg4 {[%emt 0:00:30]} Qg6 {[%emt 0:00:30]} 35. dxe6 {[%emt 0:00:30]} Rxd1 {[%emt 0:00:30]} 36. Qxd1 {[%emt 0:00:30]} Re8 {[%emt 0:00:30]} 37. Qd5 {[%emt 0:00:30]} fxe6 {[%emt 0:00:30]} 38. Bxe6+ {[%emt 0:00:30]} Kh8 {[%emt 0:00:30]} 39. Nf5 {[%emt 0:00:30]} Qg4 {[%emt 0:00:30]} 40. Re4 {[%emt 0:00:30]} Qg5 {[%emt 0:00:30]} 41. Qxc5 {[%emt 0:00:30]} g6 {[%emt 0:00:30]} 42. h4 {[%emt 0:00:30]} Qd2 {[%emt 0:00:30]} 43. Nd6 {[%emt 0:00:30]} Rf8 {[%emt 0:00:30]} 1/2-1/2

[Event "18th IND-chT Women 2020"]
[Site "Ahmedabad"]
[Date "2020.02.10"]
[Round "3.3"]
[White "Soumya, Swaminathan"]
[Black "Nandhidhaa, P V"]
[Result "1-0"]
[WhiteElo "2369"]
[BlackElo "2339"]
[Annotator "TA"]
[PlyCount "63"]
[EventDate "2020.02.05"]
[EventCountry "IND"]
[SourceTitle "playchess.com"]
[Source "ChessBase"]
[SourceQuality "1"]

{[%evp 9,65,9,4,0,25,25,28,15,35,13,30,27,28,18,31,14,39,27,56,52,68,43,54,54,58,34,29,13,51,55,59,-43,-40,-65,-34,-39,-32,-30,0,0,0,-7,-21,-56,-62,-113,-91,-94,-68,-117,-64,-128,-134,-350,213,-1029,-463,-525]} 1. d4 Nf6 2. Nf3 d5 3. c4 e6 4. g3 Bb4+ 5. Bd2 Be7 6. Bg2 {E11: Bogo-Indian.} Ne4 7. O-O c6 8. Qc2 {White has an edge.} f5 9. Bc1 Nd7 10. b3 O-O {[#]} 11. Nc3 $146 {[%cal Bb1c3,Bc3e2,Be2f4][%mdl 32]} ({Predecessor:} 11. Ba3 Ndf6 12. Bxe7 Qxe7 13. Ne5 Bd7 14. c5 Be8 15. b4 Nd7 16. Nxd7 Bxd7 17. f3 {1-0 (54) Burke,S (1906)-Brooke,J (1702) Wakefield 2016}) 11... Qe8 12. e3 Qh5 13. Ne2 Bd6 14. Nf4 Qh6 15. Nd3 g5 16. Nfe5 g4 17. f3 gxf3 18. Rxf3 Ndf6 19. Bb2 Bd7 20. Nxd7 (20. Re1 $14) 20... Nxd7 $15 21. Ne5 Ndf6 22. Qe2 Qh5 23. Re1 Rae8 {[%cal Ba8e8,Be8e7,Be7g7][%mdl 32]} 24. Rf4 Qg5 25. Ref1 Re7 26. cxd5 cxd5 27. Bf3 ({White should play} 27. Rc1 $15) 27... Rg7 28. Kh1 h5 29. a3 Ng4 (29... Rc8 $17 {Threatens to win with ...Rgc7.} 30. Bxe4 dxe4) 30. Bxe4 (30. Nxg4 $1 $15 hxg4 31. Bxe4 dxe4 {[#]} 32. d5 $1 {[%mdl 512]}) 30... dxe4 $17 31. Qc4 $2 {[#]} (31. Rg1 $17 {is a better defense.}) 31... Qf6 $4 {[%mdl 8192]} (31... Nxh2 $19 {and all is fine.} 32. Qxe6+ {[%mdl 64] Double Attack} Kh7 33. Rxf5 Nxf1 34. Rxg5 Rxg5 35. Qxd6 Nxg3+ 36. Kh2 Rf2+ {[%mdl 64] Double Attack} 37. Kh3 Nf5 {[%mdl 64] Double Attack} 38. Qc7+ Rg7) 32. Rxf5 {Played: Rf1-f3} 1-0

[Event "18th IND-chT Women 2020"]
[Site "Ahmedabad"]
[Date "2020.02.10"]
[Round "3.5"]
[White "Michelle Catherina, P."]
[Black "Kulkarni Bhakti"]
[Result "1-0"]
[WhiteElo "2175"]
[BlackElo "2404"]
[Annotator "TA"]
[PlyCount "89"]
[EventDate "2020.02.05"]
[EventCountry "IND"]
[SourceTitle "playchess.com"]
[Source "ChessBase"]
[SourceQuality "1"]

{[%evp 9,89,37,37,33,28,24,37,36,22,30,35,2,37,36,33,11,11,-16,27,18,21,18,22,-4,23,24,36,30,39,45,47,52,62,66,45,0,63,57,60,56,48,36,63,64,96,95,90,82,120,122,118,105,218,121,121,114,122,115,160,120,103,114,156,62,62,54,502,137,330,297,592,558,510,102,29986,0,0,-29998,29975,-29987,1320,0]} 1. e4 e5 2. Nf3 Nc6 3. Bb5 Nge7 4. c3 a6 5. Ba4 g6 6. d4 {C70: Ruy Lopez: 3...a6 4 Ba4, Norwegian and Delayed Schliemann.} exd4 7. cxd4 b5 8. Bb3 {White is slightly better.} Bg7 9. O-O O-O 10. a4 {And now axb5 would win.} Bb7 11. Re1 d6 {[#]} 12. d5 $146 ({Predecessor:} 12. Na3 Qd7 13. Bg5 h6 14. Bh4 Na5 15. Ba2 b4 16. Nc4 Nxc4 17. Bxc4 a5 18. Rc1 {1-0 (39) Miletic,D (2288)-Pavasovic,D (2562) Portoroz 2016}) 12... Na5 13. Ba2 (13. Bd2 $5 {[%cal Rd2a5]} Nxb3 14. Qxb3 $11) 13... c5 14. dxc6 Nexc6 15. Nc3 $36 {[%mdl 2048] Black is under pressure.} Nb4 16. Nd5 Nxa2 17. Rxa2 Nc4 18. Bg5 f6 19. Bf4 Re8 20. axb5 axb5 21. Rxa8 Bxa8 22. Nc3 Kh8 (22... b4 $11 23. Nd5 Qa5) 23. Nxb5 {Threatens to win with b3.} Bxe4 24. Nxd6 Nxd6 25. Qxd6 Qa8 26. b4 Rd8 27. Qb6 {aiming for Rxe4!} Rc8 28. Qe3 Re8 29. b5 g5 30. Bg3 g4 {[#]} (30... Bg6 $16 31. Qd2 Qb7) 31. Nd4 (31. Ne5 $1 $18 {[%cal Re5f7] Strongly threatening Nf7+.} fxe5 32. Qxe4) 31... Bg6 $16 32. Qc1 Rxe1+ 33. Qxe1 Be4 34. f3 gxf3 35. gxf3 Bd5 36. b6 (36. Kg2 $16) 36... Bf8 $14 37. Qc3 {Black must now prevent Ne6!} Qa4 $2 {[%mdl 8192] [#]} (37... Qa6 $14) 38. Bf2 $2 (38. Ne6 $1 $18 {[%mdl 512] is the precise move to win.} Qd7 (38... Bxe6 39. Qxf6+) 39. Qxf6+ Bg7 40. Nxg7 {[%mdl 64] Overworked Piece} Qxg7 41. Qd8+ {[%mdl 64] Double Attack} Bg8 42. Qc8 Qa1+ 43. Kg2 Qb2+ 44. Bf2 Qg7+ 45. Kf1 Qa1+ 46. Be1) 38... Qd1+ $2 (38... Qe8 $16 {was necessary.}) 39. Kg2 $18 Qb1 $2 {[#]} (39... Qa4 40. Qc8 Qa8 41. Qxa8 Bxa8) 40. Qc8 $1 Kg8 41. Qc7 $2 (41. Nf5 $18 {has better winning chances.} Qb4 42. Ne3 Bxf3+ 43. Kxf3 Qxb6 44. Ng4 Qb3+ 45. Be3) 41... Bc4 $2 {[%mdl 8192]} (41... Qg6+ $16 42. Bg3 Qg4) 42. b7 $2 (42. Qxc4+ {mates} Kg7 43. Qc7+ Kh6 44. b7 Bc5 45. Qf4+ Kg6 46. b8=Q Qxb8 47. Qxb8) 42... Bf1+ $11 43. Kg3 $2 {[%mdl 8192]} (43. Kh1 $11 Ba6+ 44. Kg2 Qxb7 45. Qg3+ Qg7 46. Ne6 Qxg3+ 47. hxg3) 43... h5 $4 {[%mdl 8192]} (43... Qg6+ {and all is fine.} 44. Kh4 Qg5#) 44. Qc4+ $4 {[%mdl 8192]} (44. Kh4 {and life is good for White.} Qg6 45. Ne6 Qf7 46. Qg3+ Kh7 47. b8=Q Be7 48. Qb1+ {[%mdl 64] Double Attack} f5+ 49. Ng5+ {[%mdl 64] Double Attack} Kg6 50. Qb6+ Bf6 51. Bd4) 44... Kg7 $4 {[%mdl 8192]} (44... Bxc4 {avoids the disaster.} 45. b8=Q Qxb8+ 46. f4 Bc5 47. Be3 Qb2 48. h3 Bxd4 49. Bxd4 Qxd4 50. Kf3 Qd3+ 51. Kg2 h4 52. Kh1 Qg3 53. f5 Bd5#) 45. Nf5+ $2 {[%mdl 32768] Accuracy: White = 51%, Black = 42%. . Loss on time!?} (45. Qd5 $18 Kh8 46. Qxh5+ Kg8 47. Qd5+ Kh8 48. Nf5) 1-0